| 000 | 03119nam0a2200421 4500 | ||
|---|---|---|---|
| 001 | RU\NLR\BIBL_A\022128511 | ||
| 005 | 20260130183213.0 | ||
| 010 |
_a978-5-906307-92-7 _91000 |
||
| 021 |
_aRU _bКН-П-23-080710 _9КН-П-23-8190 |
||
| 035 | _a(NLR Aleph) 022128511 | ||
| 035 | _a(RuMoRGB)012449764 | ||
| 090 |
_a12828352 _c12828352 |
||
| 100 | _a20240206d2023 u y0rusy50 ca | ||
| 101 | 0 | _arus | |
| 102 | _aRU | ||
| 105 | _aa ac 001yy | ||
| 181 | 0 |
_ai3 _baxxe |
|
| 182 | 0 | _an | |
| 200 | 1 |
_aЗабайкальский фронт, 1941-1945 _eрекомендательный указатель литературы _fМинистерство культуры Забайкальского края, Забайкальская краевая универсальная научная библиотека им. А. С. Пушкина, Отдел библиографии и краеведения _gсоставитель-редактор: О. С. Алферова _gвступ. ст. А. О. Баринова |
|
| 203 |
_aТекст _bвизуальный _cнепосредственный |
||
| 210 |
_aЧита _cЗабайкальская краевая универсальная научная библиотека _d2023 |
||
| 215 |
_a134 с. _cил. _d21 |
||
| 320 | _aУказ. имен: с. 125-133 | ||
| 330 | _aБиблиографическое пособие посвящено Забайкальскому фронту-оперативно-стратегическому объединению советских войск на Дальнем Востоке в годы Великой Отечественной войны (1941-1945), показана его роль в защите государственной границы СССР на восточном рубеже, вклад во всеобщую Победу и окончание Второй мировой войны. В указателе отражена научная, научно-популярная, художественная литература, отдельные издания, статьи из сборников и периодических изданий | ||
| 601 | 0 | 2 |
_aЗабайкальский фронт _c1941 - 1945 _jБиблиография рекомендательная _92580222 _3RU\NLR\AUTH\6601736016 |
| 675 |
_a016:355.48(571.5)"1941/1945" _v4 |
||
| 686 |
_a91.9:63 _2rubbks |
||
| 686 |
_a63.3(2)62я1 _2rubbks |
||
| 686 | 1 | _aЦ35(2)722(2Р547)я15 | |
| 702 | 1 |
_aАлферова _bО. С. _gОльга Степановна _4220 |
|
| 711 | 0 | 2 |
_aЗабайкальский фронт _c1941-1945 _9876083 _3RU\NLR\AUTH\880604232 |
| 712 | 0 | 2 |
_4220 _aЗабайкальская краевая универсальная научная библиотека им. А. С. Пушкинаа _bОтдел библиографии и краеведения _cЧита _9772579 _3RU\NLR\AUTH\880553090 |
| 942 | _cBOOK | ||
| 980 | _aNB | ||